000 00783nam a2200205Ii 4500
003 JO-AjNU
008 230605s9999||||xx |||||||||||||| ||und||
040 _aJO-AjNU
_bara
_erda
_cJO-AjNU
041 _aara
050 1 4 _aBP144.S246 1990
100 3 _aمراجعة وتصحيح وتهذيب: السايس، محمد علي,
_eauthor
_915502
245 0 0 _aتاريخ الفقه الإسلامي: كلمات في تاريخ التشريع الإسلامي
250 _aط1
264 3 1 _aبيروت: دار الكتب العلمية، 1990
300 _a159ص
336 _atext
_btxt
_2rdacontent
337 _aunmediated
_bn
_2rdamedia
338 _avolume
_bnc
_2rdacarrier
650 4 _aالفقه الاسلامي- تاريخ- الشريعة الاسلامية- تاريخ
_915503
999 _aA4394
_c7962
_d7962